Живот и песништво Воjислава Илића

Elmentve itt :
Bibliográfiai részletek
Szerző: Gálity Radivoj
További közreműködők: Bognár Ferenc (Témavezető)
Dokumentumtípus: Szakdolgozat
Megjelent: 2003
Tárgyszavak:
Online Access:http://diploma.bibl.u-szeged.hu/133268
LEADER 00858nta a2200229 i 4500
001 dipl133268
005 20230907154330.0
008 230406s2003 hu om 0|| hun d
040 |a SZTE Diploma Repozitórium  |b hun 
041 |a hun 
041 |a srp 
100 1 |a Gálity Radivoj 
245 1 0 |a Живот и песништво Воjислава Илића  |h [elektronikus dokumentum] /  |c Radivoj Gálity 
260 |c 2003 
650 4 |a Bölcsészettudományok 
650 4 |a Humanities 
650 4 |a Languages and Literature 
650 4 |a General literature studies 
650 4 |a History of literature 
700 1 |a Bognár Ferenc  |e ths 
856 4 0 |u https://diploma.bibl.u-szeged.hu/id/eprint/133268/1/2003_gality_radivoj.pdf  |z Dokumentum-elérés  
856 4 0 |u https://diploma.bibl.u-szeged.hu/id/eprint/133268/3/2003_gality_radivoj_biralat.pdf  |z Dokumentum-elérés